<?xml version="1.0" encoding="UTF-8"?>
<record
    xmlns:xsi="http://www.w3.org/2001/XMLSchema-instance"
    xsi:schemaLocation="http://www.loc.gov/MARC21/slim http://www.loc.gov/standards/marcxml/schema/MARC21slim.xsd"
    xmlns="http://www.loc.gov/MARC21/slim">

  <leader>01399aam a2200409 ia4500</leader>
  <controlfield tag="001">vtls000912211</controlfield>
  <controlfield tag="003">PNM</controlfield>
  <controlfield tag="005">20211006183057.0</controlfield>
  <controlfield tag="008">200911t20202020my a   j      000 c may  </controlfield>
  <datafield tag="015" ind1=" " ind2=" ">
    <subfield code="a">M20-07695</subfield>
  </datafield>
  <datafield tag="020" ind1=" " ind2=" ">
    <subfield code="a">9789672375166</subfield>
    <subfield code="q">paperback</subfield>
    <subfield code="c">RM21.90</subfield>
  </datafield>
  <datafield tag="039" ind1=" " ind2="9">
    <subfield code="a">202101111324</subfield>
    <subfield code="b">habirah</subfield>
    <subfield code="c">202011190942</subfield>
    <subfield code="d">haida</subfield>
  </datafield>
  <datafield tag="040" ind1=" " ind2=" ">
    <subfield code="a">BNM</subfield>
    <subfield code="b">eng</subfield>
    <subfield code="c">BNM</subfield>
    <subfield code="e">rda</subfield>
    <subfield code="d">PPAK</subfield>
  </datafield>
  <datafield tag="041" ind1="1" ind2=" ">
    <subfield code="a">may</subfield>
    <subfield code="h">kor</subfield>
  </datafield>
  <datafield tag="049" ind1=" " ind2=" ">
    <subfield code="a">mal</subfield>
  </datafield>
  <datafield tag="082" ind1="0" ind2="4">
    <subfield code="a">500</subfield>
    <subfield code="2">23</subfield>
  </datafield>
  <datafield tag="090" ind1="0" ind2="0">
    <subfield code="a">500</subfield>
    <subfield code="b">KOM</subfield>
    <subfield code="d">K</subfield>
  </datafield>
  <datafield tag="245" ind1="0" ind2="0">
    <subfield code="a">Komik Pendidikan Britannica :</subfield>
    <subfield code="b">Tubuh Badan Manusia /</subfield>
    <subfield code="c">Cerita: Bombom Bercerita (Korea) ; Ilustrasi: Kim Deok Young (Korea)</subfield>
  </datafield>
  <datafield tag="250" ind1=" " ind2=" ">
    <subfield code="a">Edisi Pertama 2020</subfield>
  </datafield>
  <datafield tag="264" ind1=" " ind2="1">
    <subfield code="a">Johor Bahru, Johor :</subfield>
    <subfield code="b">Penerbitan Pelangi Sdn. Bhd.,</subfield>
    <subfield code="c">2020</subfield>
  </datafield>
  <datafield tag="264" ind1=" " ind2="4">
    <subfield code="c">&#xA9;2020</subfield>
  </datafield>
  <datafield tag="300" ind1=" " ind2=" ">
    <subfield code="a">161 pages, 4 unnumbered pages :</subfield>
    <subfield code="b">colour illustrations, colour photographs ;</subfield>
    <subfield code="c">23 cm.</subfield>
  </datafield>
  <datafield tag="336" ind1=" " ind2=" ">
    <subfield code="a">text</subfield>
    <subfield code="2">rdacontent</subfield>
  </datafield>
  <datafield tag="337" ind1=" " ind2=" ">
    <subfield code="a">unmediated</subfield>
    <subfield code="2">rdamedia</subfield>
  </datafield>
  <datafield tag="338" ind1=" " ind2=" ">
    <subfield code="a">volume</subfield>
    <subfield code="2">rdacarrier</subfield>
  </datafield>
  <datafield tag="490" ind1="1" ind2=" ">
    <subfield code="a">Komik Pendidikan Britannica</subfield>
  </datafield>
  <datafield tag="650" ind1="1" ind2="0">
    <subfield code="a">Science</subfield>
    <subfield code="v">Comic books, strips, etc.</subfield>
  </datafield>
  <datafield tag="650" ind1="2" ind2="0">
    <subfield code="a">Comic books, strips, etc.</subfield>
    <subfield code="z">Korea (South)</subfield>
    <subfield code="v">Translations into Malay</subfield>
  </datafield>
  <datafield tag="650" ind1="2" ind2="0">
    <subfield code="a">Human body</subfield>
    <subfield code="v">Comic books, strips, etc.</subfield>
  </datafield>
  <datafield tag="700" ind1="1" ind2=" ">
    <subfield code="a">Kim, Deok Young,</subfield>
    <subfield code="e">illustrator.</subfield>
  </datafield>
  <datafield tag="710" ind1="2" ind2=" ">
    <subfield code="a">Bombom Bercerita,</subfield>
    <subfield code="e">author.</subfield>
  </datafield>
  <datafield tag="830" ind1=" " ind2="0">
    <subfield code="a">Komik pendidikan Britannica</subfield>
  </datafield>
  <datafield tag="942" ind1=" " ind2=" ">
    <subfield code="2">ddc</subfield>
    <subfield code="c">B</subfield>
  </datafield>
  <datafield tag="949" ind1=" " ind2=" ">
    <subfield code="6">2000733055</subfield>
  </datafield>
  <datafield tag="949" ind1=" " ind2=" ">
    <subfield code="6">2000733056</subfield>
  </datafield>
  <datafield tag="949" ind1=" " ind2=" ">
    <subfield code="6">2000733057</subfield>
  </datafield>
  <datafield tag="999" ind1=" " ind2=" ">
    <subfield code="c">185245</subfield>
    <subfield code="d">185245</subfield>
  </datafield>
  <datafield tag="952" ind1=" " ind2=" ">
    <subfield code="0">0</subfield>
    <subfield code="7">0</subfield>
    <subfield code="b">PPAK</subfield>
    <subfield code="c">K</subfield>
    <subfield code="d">2022-03-22</subfield>
    <subfield code="l">42</subfield>
    <subfield code="m">8</subfield>
    <subfield code="o">K 500 KOM</subfield>
    <subfield code="p">A01726067</subfield>
    <subfield code="r">2026-06-11 15:21:11</subfield>
    <subfield code="s">2026-05-24</subfield>
    <subfield code="y">B</subfield>
  </datafield>
  <datafield tag="952" ind1=" " ind2=" ">
    <subfield code="0">0</subfield>
    <subfield code="7">0</subfield>
    <subfield code="b">SP</subfield>
    <subfield code="c">K</subfield>
    <subfield code="d">2022-03-22</subfield>
    <subfield code="l">23</subfield>
    <subfield code="o">K 500 KOM</subfield>
    <subfield code="p">A01726068</subfield>
    <subfield code="q">2026-07-11</subfield>
    <subfield code="r">2026-06-20 12:01:12</subfield>
    <subfield code="s">2026-06-20</subfield>
    <subfield code="y">B</subfield>
  </datafield>
  <datafield tag="952" ind1=" " ind2=" ">
    <subfield code="0">0</subfield>
    <subfield code="7">0</subfield>
    <subfield code="b">JT</subfield>
    <subfield code="c">K</subfield>
    <subfield code="d">2022-03-22</subfield>
    <subfield code="l">2</subfield>
    <subfield code="m">1</subfield>
    <subfield code="o">K 500 KOM</subfield>
    <subfield code="p">A01726069</subfield>
    <subfield code="q">2023-03-04</subfield>
    <subfield code="r">2023-02-11 00:00:00</subfield>
    <subfield code="s">2023-02-11</subfield>
    <subfield code="y">B</subfield>
  </datafield>
  <datafield tag="952" ind1=" " ind2=" ">
    <subfield code="0">0</subfield>
    <subfield code="7">0</subfield>
    <subfield code="b">KM</subfield>
    <subfield code="c">K</subfield>
    <subfield code="d">2022-03-22</subfield>
    <subfield code="l">17</subfield>
    <subfield code="m">2</subfield>
    <subfield code="o">K 500 KOM</subfield>
    <subfield code="p">A01726071</subfield>
    <subfield code="r">2025-07-19 15:52:32</subfield>
    <subfield code="s">2025-06-14</subfield>
    <subfield code="y">B</subfield>
  </datafield>
  <datafield tag="952" ind1=" " ind2=" ">
    <subfield code="0">0</subfield>
    <subfield code="7">0</subfield>
    <subfield code="b">BL</subfield>
    <subfield code="c">K</subfield>
    <subfield code="d">2022-03-22</subfield>
    <subfield code="l">11</subfield>
    <subfield code="m">1</subfield>
    <subfield code="o">K 500 KOM</subfield>
    <subfield code="p">A01726072</subfield>
    <subfield code="r">2026-06-27 14:30:46</subfield>
    <subfield code="s">2026-06-08</subfield>
    <subfield code="y">B</subfield>
  </datafield>
  <datafield tag="952" ind1=" " ind2=" ">
    <subfield code="0">0</subfield>
    <subfield code="7">0</subfield>
    <subfield code="b">BB</subfield>
    <subfield code="c">K</subfield>
    <subfield code="d">2022-03-22</subfield>
    <subfield code="l">7</subfield>
    <subfield code="o">K 500 KOM</subfield>
    <subfield code="p">A01726073</subfield>
    <subfield code="r">2026-01-29 16:52:21</subfield>
    <subfield code="s">2026-01-15</subfield>
    <subfield code="y">B</subfield>
  </datafield>
  <datafield tag="952" ind1=" " ind2=" ">
    <subfield code="0">0</subfield>
    <subfield code="7">0</subfield>
    <subfield code="b">MR</subfield>
    <subfield code="c">K</subfield>
    <subfield code="d">2022-03-22</subfield>
    <subfield code="l">10</subfield>
    <subfield code="m">1</subfield>
    <subfield code="o">K 500 KOM</subfield>
    <subfield code="p">A01726074</subfield>
    <subfield code="r">2026-02-04 10:34:23</subfield>
    <subfield code="s">2026-01-20</subfield>
    <subfield code="y">B</subfield>
  </datafield>
  <datafield tag="952" ind1=" " ind2=" ">
    <subfield code="0">0</subfield>
    <subfield code="7">0</subfield>
    <subfield code="b">YN</subfield>
    <subfield code="c">K</subfield>
    <subfield code="d">2022-03-22</subfield>
    <subfield code="l">3</subfield>
    <subfield code="o">K 500 KOM</subfield>
    <subfield code="p">A01726075</subfield>
    <subfield code="r">2026-05-04 14:27:26</subfield>
    <subfield code="s">2026-04-28</subfield>
    <subfield code="y">B</subfield>
  </datafield>
  <datafield tag="952" ind1=" " ind2=" ">
    <subfield code="0">0</subfield>
    <subfield code="7">0</subfield>
    <subfield code="b">SK</subfield>
    <subfield code="c">K</subfield>
    <subfield code="d">2022-03-22</subfield>
    <subfield code="o">K 500 KOM</subfield>
    <subfield code="p">A01726076</subfield>
    <subfield code="r">2022-03-22 00:00:00</subfield>
    <subfield code="y">B</subfield>
  </datafield>
  <datafield tag="952" ind1=" " ind2=" ">
    <subfield code="0">0</subfield>
    <subfield code="7">0</subfield>
    <subfield code="b">KN</subfield>
    <subfield code="c">K</subfield>
    <subfield code="d">2022-03-22</subfield>
    <subfield code="l">4</subfield>
    <subfield code="m">2</subfield>
    <subfield code="o">K 500 KOM</subfield>
    <subfield code="p">A01726077</subfield>
    <subfield code="r">2024-10-02 18:00:59</subfield>
    <subfield code="s">2024-09-18</subfield>
    <subfield code="y">B</subfield>
  </datafield>
  <datafield tag="952" ind1=" " ind2=" ">
    <subfield code="0">0</subfield>
    <subfield code="7">0</subfield>
    <subfield code="b">PG</subfield>
    <subfield code="c">K</subfield>
    <subfield code="d">2022-03-22</subfield>
    <subfield code="l">3</subfield>
    <subfield code="o">K 500 KOM</subfield>
    <subfield code="p">A01726078</subfield>
    <subfield code="r">2024-06-06 14:44:37</subfield>
    <subfield code="s">2024-05-15</subfield>
    <subfield code="y">B</subfield>
  </datafield>
  <datafield tag="952" ind1=" " ind2=" ">
    <subfield code="0">0</subfield>
    <subfield code="7">0</subfield>
    <subfield code="b">PD26</subfield>
    <subfield code="c">K</subfield>
    <subfield code="d">2022-03-22</subfield>
    <subfield code="o">K 500 KOM</subfield>
    <subfield code="p">A01726079</subfield>
    <subfield code="r">2022-03-22 00:00:00</subfield>
    <subfield code="y">B</subfield>
  </datafield>
</record>
